El antifaz veneciano /
Guardado en:
| Autor Principal: | |
|---|---|
| Formato: | Libro |
| Publicado: |
Barcelona :
Molino,
1947
|
| Materias: | |
| Etiquetas: |
Agregar Etiqueta
Sin Etiquetas, Sea el primero en etiquetar este registro!
|
| LEADER | 00468nam a22001815a 4500 | ||
|---|---|---|---|
| 001 | CEM.cems005690 | ||
| 005 | 20060221000000.0 | ||
| 008 | 130507s1947##################000#0#####d | ||
| 003 | CEMS | ||
| 082 | 0 | 4 | |a 823.9 |
| 100 | 1 | |a Sabatini, Rafael | |
| 245 | 1 | 0 | |a El antifaz veneciano / |
| 260 | |a Barcelona : |b Molino, |c 1947 | ||
| 300 | |a 256 p. | ||
| 653 | |a Literatura | ||
| 653 | |a Novela inglesa | ||
| 653 | |a Novelas | ||
| 859 | |a CEMS |b BIB. CEMS - 11 de abril |h 823.9 |i Sa13 |p 9988.81 |t Ej.1 | ||
